[Event "Fredericia-ch B"]
[Site "Fredericia"]
[Date "2013.09.30"]
[Round "5"]
[White "Nielsen, John Erling"]
[Black "Marcussen, Claus"]
[Result "1-0"]
[WhiteElo "1739"]
[BlackElo "1798"]
[PlyCount "67"]
[EventDate "2013.08.26"]
[EventType "tourn"]
[EventRounds "5"]
[EventCountry "DEN"]
[SourceTitle "EXT 2023"]
[Source "ChessBase"]
[SourceDate "2022.10.05"]
[SourceVersion "1"]
[SourceVersionDate "2022.10.05"]
[SourceQuality "1"]

1. d4 f5 2. g3 e6 3. Bg2 c6 4. e4 Nf6 5. Bg5 fxe4 6. Bxe4 Qa5+ 7. Bd2 Qb6 8. Bd3 Qxd4 9. Bc3 Qd5 10. Nf3 e5 11. Bxe5 Bc5 12. Bxf6 0-0 13. Qe2 b5 14. Nc3 Qh5 15. g4 Qf7 16. Bxh7+ Kh8 17. Ne4 gxf6 18. 0-0-0 Re8 19. Qd3 Bf8 20. Bf5 d5 21. Nfg5 Bh6 22. f4 Qc7 23. Nd6 Rf8 24. Qh3 Bxf5 25. Qxh6+ Kg8 26. gxf5 fxg5 27. Qxg5+ Qg7 28. Rhg1 Qxg5 29. Rxg5+ Kh7 30. Rdg1 Rf6 31. Rg7+ Kh8 32. Rg8+ Kh7 33. R1g7+ Kh6 34. Nf7+ 1-0

[Event "Fredericia-ch B"]
[Site "Fredericia"]
[Date "2013.09.23"]
[Round "4"]
[White "Jeppesen, Lars"]
[Black "Nielsen, John Erling"]
[Result "0-1"]
[WhiteElo "1859"]
[BlackElo "1739"]
[PlyCount "78"]
[EventDate "2013.08.26"]
[EventType "tourn"]
[EventRounds "5"]
[EventCountry "DEN"]
[SourceTitle "EXT 2023"]
[Source "ChessBase"]
[SourceDate "2022.10.05"]
[SourceVersion "1"]
[SourceVersionDate "2022.10.05"]
[SourceQuality "1"]

1. c4 e5 2. Nc3 Nf6 3. Nf3 Nc6 4. d3 d6 5. g3 g6 6. Bg2 Bg7 7. Rb1 a5 8. a3 0-0 9. 0-0 Ne7 10. e4 c6 11. d4 exd4 12. Nxd4 Ng4 13. h3 Ne5 14. b3 f5 15. f4 Nf7 16. Be3 fxe4 17. Nxe4 Nf5 18. Bf2 Re8 19. Rc1 Bxd4 20. Bxd4 Rxe4 21. Bxe4 Nxg3 22. Re1 Nxe4 23. Rxe4 Bxh3 24. Qf3 Bf5 25. Ree1 Nh6 26. Qg3 d5 27. c5 Be4 28. Be5 Nf5 29. Qh3 Qh4 30. Qxh4 Nxh4 31. Kf2 Nf3 32. Red1 Nxe5 33. fxe5 Re8 34. Rd4 Rxe5 35. Ra4 Rf5+ 36. Ke2 Rf3 37. Rxa5 Rxb3 38. Ra7 Kf7 39. Rd1 Ke6 0-1

[Event "Fredericia-ch B"]
[Site "Fredericia"]
[Date "2012.09.24"]
[Round "4"]
[White "Nielsen, John Erling"]
[Black "Marcussen, Claus"]
[Result "1/2-1/2"]
[WhiteElo "1752"]
[BlackElo "1720"]
[PlyCount "138"]
[EventDate "2012.09.03"]
[EventType "tourn"]
[EventRounds "5"]
[EventCountry "DEN"]
[SourceTitle "EXT 2023"]
[Source "ChessBase"]
[SourceDate "2022.10.05"]
[SourceVersion "1"]
[SourceVersionDate "2022.10.05"]
[SourceQuality "1"]

1. c4 e6 2. Nc3 f5 3. d4 Nf6 4. g3 c6 5. Bg2 d5 6. b3 Nbd7 7. Bb2 Bd6 8. Qd2 0-0 9. Nh3 Ne4 10. Nxe4 fxe4 11. 0-0 a5 12. a4 Bb4 13. Bc3 Bxc3 14. Qxc3 Nf6 15. c5 Bd7 16. Qd2 Qc7 17. b4 e5 18. e3 h6 19. dxe5 Ng4 20. e6 Bxe6 21. Nf4 Bf7 22. Qc3 Ne5 23. Bh3 Nf3+ 24. Kh1 Qe7 25. Rab1 g5 26. Ne2 Be6 27. Bg2 Qf7 28. Ng1 Qh5 29. Bxf3 exf3 30. e4 dxe4 31. bxa5 Bd5 32. Rxb7 Qg6 33. Rfb1 Rae8 34. Qe3 Rf7 35. Rb8 Ra7 36. Nxf3 Rxb8 37. Rxb8+ Kh7 38. Qd4 Qg7 39. Qxg7+ Kxg7 40. Ne1 Rxa5 41. Kg1 Rxa4 42. Nc2 Ra2 43. Ne3 Ra1+ 44. Kg2 Rc1 45. Rc8 Kf6 46. Kh3 Be6+ 47. Ng4+ Bxg4+ 48. Kxg4 Rxc5 49. Rd8 Rd5 50. Rh8 Kg7 51. Re8 Rd4 52. Kf5 Rd2 53. Rc8 Rxf2+ 54. Kxe4 Rc2 55. h4 Kg6 56. hxg5 Kxg5 57. Kd3 Rc1 58. Rg8+ Kf6 59. g4 Rc5 60. Ke4 Rg5 61. Rc8 c5 62. Ke3 Ke7 63. Rc6 h5 64. gxh5 Rxh5 65. Kd3 Kd7 66. Rg6 Rh4 67. Kc3 Rd4 68. Ra6 Ke7 69. Rc6 Rd5 1/2-1/2